000 00725cab a2200229 4500
001 ABS41516
008 090401t1989 xxu||||| |||| 00| 0 eng d
035 _a(Sirsi) u30696
041 _aeng
100 _aWilliams, J.
245 _aDesign for the disabled
260 _c1989
350 _a0
490 _aBuilding Today
_v198(5827) 12 October 1989, 24-25(2)
520 _aDescribes how to design buildings with disabled people in mind, examining regulations and advice from involved groups.
650 _aBS 5810
650 _aBUILDING REGULATIONS
_96224
650 _aROYAL ASSOCIATION FOR DISABILITY AND REHABILITATION
690 _aBUILT ENVIRONMENT-CONSTRUCTION DESIGN
942 _n0
948 _c04/03/1997
999 _c20691
_d20691